| 000 | 00811nam a2200241Ia 4500 | ||
|---|---|---|---|
| 001 | 1751 | ||
| 003 | GE_BSU | ||
| 008 | 181216s||||||||xx |||||||||||||| ||und|| | ||
| 040 | _cGE_BSU | ||
| 080 | _a519.2(075.8) | ||
| 100 | _aПрохоров,А.В. | ||
| 245 | _aЗадачи по теории вероятностей. Основные понятия. Предельные теоремы. Случайные процессы. | ||
| 245 | _bУчебное пособие для студ. | ||
| 260 | _aМосква | ||
| 260 | _bНаука | ||
| 260 | _c1986 | ||
| 300 | _a326стр. 21см. | ||
| 541 | _h10л. | ||
| 653 | _aЗадачи по теории вероятностей. | ||
| 653 | _aПредельные теоремы. | ||
| 653 | _aСлучайные процессы | ||
| 942 | _cBK | ||
| 999 |
_c35860 _d35860 |
||